000 00431nam a2200157Ia 4500
003 Ost
005 20260225132538.0
008 260225s9999||||xx |||||||||||||| ||und||
040 _cfsic
041 _afre
082 _a303.375
100 _aGérard chalians-Robert laffont
_eAuteur
245 0 _aLa persuation de masse :
245 0 _bguerre psycologique guerre médiatèque /
_cGérard chalians-Robert laffont
942 _cكتاب
999 _c33322
_d33322